|
|
|
|
| LEADER |
01038nam a2200265 a 4500 |
| 001 |
2875811 |
| 008 |
110818s1985 ii b 001 0 eng d |
| 035 |
|
|
|9 (DLC) 85902577
|
| 010 |
|
|
|a 85902577
|
| 040 |
|
|
|a DLC
|c DLC
|d DLC
|d BD-DhAAL
|
| 082 |
0 |
0 |
|a 016.621042
|2 19
|
| 245 |
0 |
0 |
|a Renewable sources of energy :
|b an annotated bibliography : solar, wind, biomass.
|
| 260 |
|
|
|a Delhi :
|b Consortium on Rural Technology,
|c 1985.
|
| 300 |
|
|
|a viii, 392 p. ;
|c 22 cm.
|
| 500 |
|
|
|a Includes index.
|
| 504 |
|
|
|a Bibliography: p. [363]-367.
|
| 541 |
1 |
|
|e 00002759
|
| 650 |
|
0 |
|a Renewable energy sources
|x Bibliography.
|
| 650 |
|
0 |
|a Solar energy
|x Bibliography.
|
| 650 |
|
0 |
|a Wind power
|x Bibliography.
|
| 650 |
|
0 |
|a Biomass energy
|x Bibliography.
|
| 710 |
2 |
|
|a Consortium on Rural Technology (India)
|
| 852 |
4 |
|
|a Ayesha Abed Library
|j General Shelf.
|
| 999 |
|
|
|c 11206
|d 11206
|
| 952 |
|
|
|0 0
|1 0
|2 ddc
|4 0
|6 016_621042000000000_REN
|7 0
|9 17880
|a BRACUL
|b BRACUL
|c GEN
|d 2011-08-21
|g 6600.00
|l 1
|o 016.621042 REN
|p 3010002759
|r 2012-11-27
|s 2012-11-21
|t 1
|w 2011-08-21
|y BK
|